FBS Schools by the year they joined - Statistics

General Stats
  • This quiz has been taken 14 times
  • The average score is 113 of 130
Answer Stats
First season in FBS First season played Answer % Correct
1955 1955 Air Force
100%
1899 1899 Arizona
100%
1896 1896 Arizona St
100%
1894 1894 Arkansas
100%
1890 1890 Army
100%
1996 1933 Boise St
100%
1893 1893 Boston College
100%
1922 1922 BYU
100%
1890 1890 Colorado
100%
1890 1890 Colorado St
100%
1906 1906 Florida
100%
1947 1947 Florida St
100%
1892 1892 Georgia
100%
1892 1892 Georgia Tech
100%
1946 1946 Houston
100%
1926 1926 Miami (FL)
100%
1888 1888 Miami (OH)
100%
1895 1895 Mississippi St
100%
1879 1879 Navy
100%
1992 1896 Nevada
100%
1892 1892 New Mexico
100%
1893 1893 New Mexico St
100%
1895 1895 Oklahoma
100%
1901 1901 Oklahoma St
100%
1890 1890 Ole Miss
100%
1894 1894 Oregon
100%
1893 1893 Oregon St
100%
1915 1915 SMU
100%
1891 1891 Stanford
100%
1896 1896 TCU
100%
1893 1893 Texas
100%
1894 1894 Texas A&M
100%
1925 1925 Texas Tech
100%
1996 1979 UCF
100%
1978 1968 UNLV
100%
1888 1888 USC
100%
1892 1892 Utah
100%
1892 1892 Utah St
100%
1889 1889 Washington
100%
1893 1893 Washington St
100%
1987 1891 Akron
89%
1892 1892 Alabama
89%
2014 1928 Appalachian St
89%
1999 1894 Buffalo
89%
1882 1881 California
89%
2017 2003 Coastal Carolina
89%
2014 1924 Georgia Southern
89%
1909 1909 Hawaii
89%
1890 1890 Illinois
89%
1887 1887 Indiana
89%
1889 1889 Iowa
89%
1892 1892 Iowa State
89%
1890 1890 Kansas
89%
1896 1896 Kansas St
89%
1881 1881 Kentucky
89%
1893 1893 LSU
89%
1997 1895 Marshall
89%
1888 1888 Maryland
89%
1882 1881 Minnesota
89%
1890 1890 Missouri
89%
1890 1890 Nebraska
89%
1888 1888 North Carolina
89%
1892 1892 North Carolina St
89%
1876 1876 Northwestern
89%
1887 1887 Notre Dame
89%
1894 1894 Ohio
89%
1889 1889 Ohio St
89%
1881 1881 Penn St
89%
1890 1890 Pittsburgh
89%
1869 1869 Rutgers
89%
1969 1921 San Diego St
89%
1892 1892 San Jose St
89%
1892 1892 South Carolina
89%
2001 1997 South Florida
89%
1889 1889 Syracuse
89%
1894 1894 Temple
89%
2012 1904 Texas St
89%
1895 1895 Tulsa
89%
1919 1919 UCLA
89%
2012 1879 UMass
89%
1914 1914 UTEP
89%
1888 1888 Virginia
89%
1891 1891 West Virginia
89%
1892 1892 Auburn
78%
1899 1899 Baylor
78%
1896 1896 Central Michigan
78%
2015 2013 Charlotte
78%
1885 1885 Cincinnati
78%
1896 1896 Clemson
78%
1932 1932 East Carolina
78%
1891 1891 Eastern Michigan
78%
1921 1921 Fresno St
78%
2013 2010 Georgia St
78%
1920 1920 Kent St
78%
1989 1901 Louisiana Tech
78%
1910 1910 Louisville
78%
1912 1912 Memphis
78%
1879 1879 Michigan
78%
1999 1911 Middle Tennessee
78%
1899 1899 Northern Illinois
78%
2014 2009 Old Dominion
78%
1887 1887 Purdue
78%
1912 1912 Rice
78%
1912 1912 Southern Miss
78%
1891 1891 Tennessee
78%
1917 1917 Toledo
78%
2002 1909 Troy
78%
1893 1893 Tulane
78%
2000 1896 UConn
78%
2012 2011 UTSA
78%
1890 1890 Vanderbilt
78%
1892 1892 Virginia Tech
78%
1905 1905 Western Michigan
78%
1889 1889 Wisconsin
78%
1893 1893 Wyoming
78%
1888 1888 Duke
67%
2018 1973 Liberty
67%
1902 1902 Louisiana-Lafayette
67%
1994 1951 Louisiana-Monroe
67%
1885 1885 Michigan St
67%
1995 1913 North Texas
67%
2012 2009 South Alabama
67%
1999 1991 UAB
67%
1888 1888 Wake Forest
67%
2009 1913 Western Kentucky
67%
1992 1911 Arkansas State
56%
1924 1924 Ball State
56%
1919 1919 Bowling Green
56%
2006 2001 FAU
56%
2006 2002 FIU
56%
No matching quizzes found
Score Distribution
Percent of People with Each Score
Percentile by Number Answered
Your Score History
You have not taken this quiz